Intelligent user interfaces

Αποθηκεύτηκε σε:
Λεπτομέρειες βιβλιογραφικής εγγραφής
Άλλοι συγγραφείς: Sullivan, Joseph W., Tyler, Sherman W.
Μορφή: Βιβλίο
Γλώσσα:English
Δημοσίευση: New York, N.Y. : Reading, Mass : ACM Press, Addison-Wesley Pub. Co., c1991
Σειρά:ACM Press frontier series
Θέματα:
Ετικέτες: Προσθήκη ετικέτας
Δεν υπάρχουν, Καταχωρήστε ετικέτα πρώτοι!

MARC

LEADER 00000cam a2200000 i 4500
001 1/26094
008 950724s1991 eng d
020 |a 0201503050 
035 |l 10022608 
040 |a GR-MY-UA  |b gre  |e aacr 
041 0 |a eng 
082 0 |a 004.019  |2 (20) 
245 1 0 |a Intelligent user interfaces /  |c edited by Joseph W. Sullivan, Sherman W. Tyler 
260 |a New York, N.Y. :   |a Reading, Mass :   |b ACM Press,   |b Addison-Wesley Pub. Co.,   |c c1991 
300 |a xv, 472 p.;  |b ill., maps;  |c 24 cm 
490 1 |a ACM Press frontier series 
500 |a Papers from a workshop held Mar. 1988 in Monterey, Calif 
504 |a Includes bibliographical references and index 
650 0 0 |a Human-computer interaction  |x Congresses. 
650 0 0 |a Artificial intelligence  |x Congresses. 
700 1 |a Sullivan, Joseph W. 
700 1 |a Tyler, Sherman W. 
830 0 |a ACM Press frontier series 
852 |a INST  |b CHIOS  |e 19950724  |h 004.019 INT  |p 005200002475  |q 005200002475  |t BK  |y 0 
909 |a Χ  |b 020922